1021 1534 1908 1120 1923 1145 1452 1304 1918 1210 1833 1902 1844 1782 1428 1238 1692 1956 1407 1641 1332 1230 1724 1627 1185 1770 1477 1457 1588 1350 1747 1466 1360 1039 1499 1097 1467 1615 1863 1831 1078 1065 1272 1876 1762 1877 1815 1949 1765 1942 1668 1094 1366 1324 1951 1276 1756 1584 1866 1888 1687 1136 1107 1675 1072 1136 1655 1874 1941 1250 1353 1921 1870 1135 1965 1362 1787 1151 1583 1766 1443 1394 1133 1120 1466 1966 1898 1927 1390 1501 1084 1005 1361 1766 1985 1599 1434 1526 1262 BCNSPRNW ULIB Ver.6.0+V

เปลี่ยนเป็นภาษาไทย

Change to English
 แสดงรายละเอียดบรรณานุกรม
  กลับหน้าหลัก

Brief Record : Get Marc (ISO 2709) : E-mail record : QR code < ปิดหน้าต่าง
LEADER : 00000nam a2200000 a 4500
001    13399128342
003     ULIB
008    230428s2565 th a 000 0 tha d
020    ^a9786165907903
040    ^anss
060 04 ^aWS460^bพ887ก
100 0  ^aเพ็ญนภา กุลนภาดล
245 10 ^aการให้การปรึกษาวัยรุ่น =^bAdolescent counseling /^cเพ็ญนภากุลนภาดล
246 31 ^aAdolescent counseling
250    ^aพิมพ์ครั้งที่ 5 ฉบับปรับปรุงครั้งที่ 4
260    ^aชลบุรี :^bภาควิชาวิจัยและจิตวิทยาประยุกต์ คณะศึกษาศาสตร์มหาวิทยาลัยบูรพา,^c2565
300    ^a199 หน้า :^bภาพประกอบ ;^c25 ซม.
650  4 ^aการแก้ปัญหาในวัยรุ่น
650  4 ^aจิตวิทยาวัยรุ่น
650  4 ^aวัยรุ่น^xการให้คำปรึกษา
710 2  ^aมหาวิทยาลัยบูรพา.^bคณะศึกษาศาสตร์.^bภาควิชาวิจัยและจิตวิทยาประยุกต์
945    ^p200^l0^i29609
945    ^p200^l0^i29610
995    ^aกัณชพร จุลอักษร
999    ^aกัณชพร
รายการนี้ยังไม่มีแท็ก
คุณยังไม่ได้ล็อกอิน คุณสามารถมีกิจกรรมร่วมกับเว็บไซต์ได้ แต่ต้องล็อกอินก่อน ::
  ล็อกอิน

รายการสื่อสารสนเทศ

ลำดับที่ ประเภท เลขเรียก/บาร์โค้ด สถานที่ สถานะ
1. วิทยาศาสตร์การแพทย์ และสุขภาพ
วิทยาศาสตร์การแพทย์ และสุขภาพ
WS460 พ887ก ฉ.1 
  Barcode: 29609
ห้องสมุดวิทยาเขตนครสวรรค์
►หนังสือทั่วไป:l:General Books
บนชั้น
2. วิทยาศาสตร์การแพทย์ และสุขภาพ
วิทยาศาสตร์การแพทย์ และสุขภาพ
WS460 พ887ก ฉ.2 
  Barcode: 29610
ห้องสมุดวิทยาเขตนครสวรรค์
►หนังสือทั่วไป:l:General Books
บนชั้น

รายการใกล้เคียง
    ผู้แต่ง [เพ็ญนภา กุลนภาดล]

    หัวเรื่อง [การแก้ปัญหาในวัยรุ่น]
    หัวเรื่อง [จิตวิทยาวัยรุ่น]

BibComment


ยังไม่เคยถูกคอมเมนท์

คอมเมนท์ทรัพยากรรายการนี้
  คอมเมนท์: การให้การปรึกษาว..


 Copyright 2026. Bcnsprnw @Library